God's awesome challenge. (Record no. 10190)

000 -LEADER
fixed length control field 00680nam a2200229 a 4500
001 - CONTROL NUMBER
control field :::00007975$&:&@@
003 - CONTROL NUMBER IDENTIFIER
control field OkBaRHE
005 - DATE AND TIME OF LATEST TRANSACTION
control field 20000607103340.0
008 - FIXED-LENGTH DATA ELEMENTS--GENERAL INFORMATION
fixed length control field s1980 j 000 0 eng u
020 ## - INTERNATIONAL STANDARD BOOK NUMBER
International Standard Book Number 0805463224
040 ## - CATALOGING SOURCE
Transcribing agency
245 10 - TITLE STATEMENT
Title God's awesome challenge.
260 ## - PUBLICATION, DISTRIBUTION, ETC. (IMPRINT)
Place of publication, distribution, etc Nashville, TN., :
Name of publisher, distributor, etc Broadman Press
Date of publication, distribution, etc c1980
300 ## - PHYSICAL DESCRIPTION
Extent 159 p. : ports. ;
Dimensions 22 cm.
650 ## - SUBJECT ADDED ENTRY--TOPICAL TERM
Topical term or geographic name as entry element Baptists
General subdivision Sermons
650 ## - SUBJECT ADDED ENTRY--TOPICAL TERM
Topical term or geographic name as entry element Evangelistic Work
General subdivision Sermons
650 ## - SUBJECT ADDED ENTRY--TOPICAL TERM
Topical term or geographic name as entry element Missions
General subdivision Sermons
650 ## - SUBJECT ADDED ENTRY--TOPICAL TERM
Topical term or geographic name as entry element Sermons, American
700 ## - ADDED ENTRY--PERSONAL NAME
Personal name Bennett, Harold C.
942 ## - ADDED ENTRY ELEMENTS (KOHA)
Source of classification or shelving scheme
Koha item type Books
Copies
Permanent Location Full call number Damaged status Date acquired Withdrawn status Source of classification or shelving scheme Lost status Not for loan Copy number Koha item type Shelving location Barcode Price effective from Date last seen
RHEMA Bible Training CollegeBV 2075 .G68 2010-04-14    1BooksGeneral Stacks79752010-04-142010-04-14